000 00205 a2200097 4500
001 41702
100 _aKilpatreck
245 _aExpanding your SLR system
260 _a
_bCollins
_c
090 _c25829
_d25829
942 _aNUST-CAE
_cM
_c17590
999 _c276775
_d276775